Statistiche per Elenco degli stati del mondo con le doppie lettere

Clicka qui per fare il quiz!

Statistiche generali

  • Questo quiz è stato fatto 110 volte
  • Il punteggio medio è 12 su 20

Statistiche sulle risposte

LetteraRisposta% Corretto
SSRussia
95%
PPGiappone
82%
CCMarocco
81%
SSMessico
81%
TTLettonia
73%
PPFilippine
68%
TTEgitto
67%
CCSlovacchia
66%
LLPortogallo
65%
ZZSvizzera
64%
SSLussemburgo
62%
SSBielorussia
61%
RRAndorra
53%
LLIsole Marshall
41%
LLSeychelles
40%
TTSaint Kitts and Nevis
39%
RRSierra Leone
39%
SSPaesi Bassi
36%
SSGuinea Bissau
28%
TTCittà del Vaticano
24%

Distribuzione punteggi

Percentile per numero di risposta

Percentuale di utenti per punteggio

I tuoi punteggi nel tempo

Non hai fatto questo quiz